00772 2200265 4500001002100000005001500021035002500036007000300061008004100064020002200105040001700127082001600144084001800160100003400178245007000212250002000282260003700302300004400339650002300383850001200406090002200418090002200440999002200462990002200484INLIS00000000002594120200401091802 a0010-031700000000051ta170302s2015 yoia g ind d a978-602-371-051-5 aYOPDYOGbind04222a307.336 a307.336 DER t0 aDermawati D. Santosoepenulis00aToleransi keruangan dalam pemukiman padat /cDermawati D. Santoso aCetakan pertama3 aYogyakarta :bLeutikaprio,c2015 axlii, 445 halaman :bilustrasi ;c19 cm 4aPemukiman penduduk aYOPDYOG aDEP 307.336 DER t aCB-D.11 2015-2124 aCB-D.11/2015-2124 aCB-D.11/2015-2124